[Event "4NCL Division 2a"]
[Site "Northampton, ENG"]
[Date "2018.02.11"]
[Round "6.11"]
[White "Tukpetov, Evgeny"]
[Black "Lupulescu, Constantin"]
[Result "0-1"]
[WhiteElo "2280"]
[BlackElo "2626"]
[PlyCount "94"]
[EventDate "2018.02.11"]
[WhiteTeam "Kings Head"]
[BlackTeam "Manx Liberty"]

1. e4 c6 2. Nc3 d5 3. Nf3 Bg4 4. h3 Bxf3 5. Qxf3 Nf6 6. Be2 e6 7. O-O dxe4 8.
Nxe4 Be7 9. c3 Qd5 10. Nxf6+ Bxf6 11. d4 Nd7 12. Qxd5 cxd5 13. Bb5 a6 14. Bxd7+
Kxd7 15. Bd2 b5 16. a3 h5 17. g3 a5 18. Kg2 b4 19. axb4 axb4 20. Kf3 bxc3 21.
Bxc3 Be7 22. Ke3 g5 23. Kd3 Bd6 24. Rh1 f6 25. b4 Rhb8 26. Ra5 Bc7 27. Rxa8
Rxa8 28. Ra1 Rxa1 29. Bxa1 Kc6 30. Kc3 Kb5 31. Kb3 Bd6 32. Bc3 g4 33. hxg4 hxg4
34. Be1 Be7 35. Bc3 Bf8 36. Bd2 e5 37. Bc3 Bd6 38. dxe5 fxe5 39. Bd2 d4 40. Be1
e4 41. Bd2 Be7 42. Be1 Bg5 43. Kc2 Kc4 44. b5 Kxb5 45. Kd1 Kc4 46. Ke2 d3+ 47.
Kd1 Bf6 0-1

[Event "4NCL Division 2a"]
[Site "Northampton, ENG"]
[Date "2018.02.11"]
[Round "6.12"]
[White "Parligras, Mircea-Emilian"]
[Black "Okike, David"]
[Result "1-0"]
[WhiteElo "2638"]
[BlackElo "2192"]
[PlyCount "91"]
[EventDate "2018.02.11"]
[WhiteTeam "Manx Liberty"]
[BlackTeam "Kings Head"]

1. d4 Nf6 2. c4 e6 3. Nf3 Bb4+ 4. Nbd2 b6 5. a3 Be7 6. e4 d5 7. e5 Nfd7 8. cxd5
exd5 9. Nb1 Nf8 10. Nc3 Ne6 11. Bd3 a6 12. O-O Bd7 13. b4 c5 14. bxc5 bxc5 15.
Rb1 Bc6 16. Ne2 c4 17. Bc2 g6 18. Ne1 Nd7 19. f4 f5 20. g4 O-O 21. gxf5 gxf5
22. Ng2 Rf7 23. Ne3 Qf8 24. Ng3 Bxa3 25. Bxf5 Bxc1 26. Rxc1 Ng7 27. Bxd7 Rxd7
28. f5 Kh8 29. Ng4 Rb7 30. Qd2 a5 31. Qh6 Ra6 32. Nh5 Qf7 33. Nhf6 Ne8 34. Nxe8
Qxe8 35. Kh1 Rg7 36. f6 Rg6 37. f7 Rxh6 38. fxe8=Q+ Bxe8 39. Nxh6 Bg6 40. Nf7+
Kg7 41. Nd6 a4 42. Rf6 Ra8 43. Nf5+ Kh8 44. Ra1 Kg8 45. Ne7+ Kg7 46. Nxg6 1-0

[Event "4NCL Division 2a"]
[Site "Northampton, ENG"]
[Date "2018.02.11"]
[Round "6.13"]
[White "Guthrie, David"]
[Black "Cyborowski, Lukasz"]
[Result "0-1"]
[WhiteElo "2167"]
[BlackElo "2508"]
[PlyCount "54"]
[EventDate "2018.02.11"]
[WhiteTeam "Kings Head"]
[BlackTeam "Manx Liberty"]

1. d4 g6 2. c4 Bg7 3. e4 d6 4. Nc3 Nf6 5. Nf3 O-O 6. Be2 c5 7. O-O cxd4 8. Nxd4
Nc6 9. Be3 Bd7 10. Rc1 Nxd4 11. Bxd4 Bc6 12. f3 a5 13. Qd2 Nd7 14. Rfd1 a4 15.
Be3 Qa5 16. Rc2 Rfc8 17. Rdc1 Kf8 18. Bf1 Nc5 19. Bg5 Nb3 20. axb3 axb3 21. Nd5
Bxd5 22. Qxa5 Rxa5 23. Rd2 Bxe4 24. Bxe7+ Kxe7 25. Re1 Ra2 26. Rxe4+ Kd7 27.
Re3 Bh6 0-1

[Event "4NCL Division 2a"]
[Site "Northampton, ENG"]
[Date "2018.02.11"]
[Round "6.14"]
[White "Bobras, Piotr"]
[Black "Mackenzie, Colin"]
[Result "1-0"]
[WhiteElo "2516"]
[BlackElo "2056"]
[PlyCount "83"]
[EventDate "2018.02.11"]
[WhiteTeam "Manx Liberty"]
[BlackTeam "Kings Head"]

1. e4 e6 2. d4 d5 3. Nc3 Bb4 4. e5 c5 5. a3 Bxc3+ 6. bxc3 Qa5 7. Bd2 Qa4 8. h4
Nc6 9. h5 h6 10. Nf3 Nge7 11. Rh4 c4 12. Rg4 Nf5 13. Rf4 Bd7 14. g4 Nfe7 15.
Qb1 b5 16. Qb2 a6 17. Bh3 Rf8 18. g5 hxg5 19. Nxg5 Nf5 20. Bxf5 exf5 21. h6 f6
22. hxg7 fxg5 23. gxf8=Q+ Kxf8 24. Rf3 g4 25. Rg3 Ne7 26. Bg5 Ng6 27. Kd2 f4
28. Rg2 Bf5 29. Rh2 Be4 30. Rg1 Bf5 31. Bxf4 Nxf4 32. Rh8+ Kg7 33. Rxa8 Nh3 34.
Re1 Nxf2 35. e6 Ne4+ 36. Rxe4 Bxe4 37. e7 Bg6 38. e8=Q Bxe8 39. Rxe8 b4 40. Re5
bxc3+ 41. Qxc3 Qd7 42. Qe3 1-0

[Event "4NCL Division 2a"]
[Site "Northampton, ENG"]
[Date "2018.02.11"]
[Round "6.15"]
[White "Davey, Mark"]
[Black "Galyas, Miklos"]
[Result "0-1"]
[WhiteElo "1990"]
[BlackElo "2506"]
[PlyCount "34"]
[EventDate "2018.02.11"]
[WhiteTeam "Kings Head"]
[BlackTeam "Manx Liberty"]

1. e4 d6 2. d4 Nf6 3. Nc3 g6 4. Bg5 Bg7 5. Qd2 c6 6. Bh6 Bxh6 7. Qxh6 Nbd7 8.
O-O-O e5 9. dxe5 dxe5 10. Nf3 Qe7 11. Qg7 Rg8 12. Qh6 g5 13. Nxg5 Ng4 14. Qxh7
Qxg5+ 15. Kb1 Ndf6 16. Qh3 Nxf2 17. Qf3 Nxh1 0-1

[Event "4NCL Division 2a"]
[Site "Northampton, ENG"]
[Date "2018.02.11"]
[Round "6.16"]
[White "Seger, Ruediger"]
[Black "Gilfillan, Andrew"]
[Result "1-0"]
[WhiteElo "2342"]
[BlackElo "1973"]
[PlyCount "79"]
[EventDate "2018.02.11"]
[WhiteTeam "Manx Liberty"]
[BlackTeam "Kings Head"]

1. e4 d5 2. exd5 Nf6 3. d4 Bg4 4. f3 Bf5 5. Bb5+ Nbd7 6. Nc3 a6 7. Ba4 b5 8.
Bb3 Nb6 9. Nge2 Nbxd5 10. Nxd5 Nxd5 11. Ng3 Bg6 12. f4 e6 13. O-O c5 14. c4 Nb4
15. f5 exf5 16. Nxf5 Bxf5 17. Rxf5 Ra7 18. cxb5 Qxd4+ 19. Qxd4 cxd4 20. Bg5 f6
21. Re1+ Re7 22. Bd2 Rxe1+ 23. Bxe1 axb5 24. Rxb5 Nd3 25. Rb8+ Kd7 26. Ba4+ Kc7
27. Bg3+ Ne5 28. Re8 Kd6 29. Kf1 Kd5 30. Rd8+ Ke4 31. Bf2 d3 32. Bb5 g6 33. a4
Bg7 34. Rxh8 Bxh8 35. a5 Kd5 36. a6 Nc6 37. Bxd3 f5 38. b4 Bd4 39. b5 Nb4 40.
Bxd4 1-0

[Event "4NCL Division 2a"]
[Site "Northampton, ENG"]
[Date "2018.02.11"]
[Round "6.17"]
[White "Disu, Kayode"]
[Black "Kolbus, Dietmar"]
[Result "1/2-1/2"]
[WhiteElo "1917"]
[BlackElo "2292"]
[PlyCount "208"]
[EventDate "2018.02.11"]
[WhiteTeam "Kings Head"]
[BlackTeam "Manx Liberty"]

1. e4 g6 2. d4 Bg7 3. Nf3 d6 4. Be2 Nf6 5. Nc3 O-O 6. O-O c6 7. Bg5 h6 8. Bf4
Nbd7 9. h3 Nh5 10. Be3 e5 11. Qd2 Kh7 12. dxe5 dxe5 13. Rfd1 Qf6 14. Qd6 Nf4
15. Qxf6 Nxe2+ 16. Nxe2 Nxf6 17. Ng3 Re8 18. Nd2 Be6 19. Nb3 b6 20. Rd6 Rec8
21. Rad1 Bf8 22. R6d2 c5 23. c3 Be7 24. f3 Rc7 25. Nc1 c4 26. Nce2 Re8 27. Nf1
Nd7 28. Bf2 Nc5 29. Nc1 Bf8 30. Bg3 Bg7 31. Rd8 Rc8 32. Rxe8 Rxe8 33. Bf2 Rc8
34. Bxc5 Rxc5 35. Ne3 h5 36. Kf2 Bh6 37. a3 Rb5 38. Rd2 Kg7 39. Na2 a5 40. Rc2
Kf8 41. g4 hxg4 42. hxg4 Bg5 43. Nc1 Rc5 44. Ne2 Rc8 45. Rd2 Bh4+ 46. Kg2 Bg5
47. Kf2 Bxe3+ 48. Kxe3 Ke7 49. Ng3 Rh8 50. Kf2 b5 51. Kg2 Rb8 52. Nf1 b4 53.
axb4 axb4 54. cxb4 Rxb4 55. Ne3 Kf6 56. Rc2 Kg5 57. Kg3 f6 58. Nd5 Bxd5 59.
exd5 f5 60. gxf5 gxf5 61. f4+ exf4+ 62. Kf3 Rb3+ 63. Kf2 Rd3 64. Rxc4 Rxd5 65.
b4 Rd2+ 66. Kf3 Rd3+ 67. Kf2 Rb3 68. Rc8 Rxb4 69. Rg8+ Kf6 70. Kf3 Rb1 71. Kxf4
Rf1+ 72. Ke3 Rh1 73. Kf4 Rh4+ 74. Kf3 Kf7 75. Rg5 Ke6 76. Rg8 Rh1 77. Re8+ Kf7
78. Ra8 Rh4 79. Ra6 Re4 80. Rb6 Re6 81. Rxe6 Kxe6 82. Kf4 Kf6 83. Kf3 Kg5 84.
Kg3 f4+ 85. Kf3 Kf5 86. Kf2 Ke6 87. Ke2 Kd5 88. Kf3 Ke5 89. Kf2 Kf6 90. Ke2 Kg5
91. Kf3 Kf5 92. Kf2 Ke4 93. Ke2 f3+ 94. Kf2 Kf4 95. Kf1 Kf5 96. Kf2 Ke4 97. Kf1
Ke3 98. Ke1 Kf4 99. Kf2 Kg4 100. Kf1 Kg3 101. Kg1 Kg4 102. Kf2 Kf4 103. Kf1 Ke3
104. Ke1 f2+ 1/2-1/2

[Event "4NCL Division 2a"]
[Site "Northampton, ENG"]
[Date "2018.02.11"]
[Round "6.18"]
[White "Akeya-Price, Robert"]
[Black "Usharovsky, Ron"]
[Result "1-0"]
[WhiteElo "1822"]
[BlackElo "1532"]
[PlyCount "63"]
[EventDate "2018.02.11"]
[WhiteTeam "Manx Liberty"]
[BlackTeam "Kings Head"]

1. d4 d5 2. c4 c6 3. Nf3 Nf6 4. Qc2 e6 5. g3 Nbd7 6. Bg2 Bd6 7. O-O O-O 8. Rd1
dxc4 9. e4 Be7 10. a4 a5 11. Nc3 Bb4 12. Na2 Nb6 13. Ne5 Qe7 14. Nxc4 Nxc4 15.
Qxc4 Bd7 16. Bg5 b5 17. axb5 cxb5 18. Qb3 h6 19. e5 hxg5 20. exf6 gxf6 21. Bxa8
Rxa8 22. Nxb4 a4 23. Qa3 Rc8 24. Rac1 e5 25. Rxc8+ Bxc8 26. dxe5 fxe5 27. Nc6
Qb7 28. Rd8+ Kh7 29. Qd3+ Kg7 30. Qd6 Kh7 31. Qf6 Qxc6 32. Rh8# 1-0

[Event "4NCL Division 2a"]
[Site "Northampton, ENG"]
[Date "2018.02.11"]
[Round "6.21"]
[White "Brewer, Callum D"]
[Black "Cornette, Matthieu"]
[Result "0-1"]
[WhiteElo "2155"]
[BlackElo "2612"]
[PlyCount "60"]
[EventDate "2018.02.11"]
[WhiteTeam "Sussex Martlets 1"]
[BlackTeam "Celtic Tigers"]

1. e4 Nf6 2. e5 Nd5 3. d4 d6 4. c4 Nb6 5. exd6 cxd6 6. Nc3 g6 7. Be3 Bg7 8. Rc1
O-O 9. b3 Bf5 10. Be2 d5 11. c5 Nc8 12. Bf3 e5 13. Bxd5 exd4 14. Bxd4 Bxd4 15.
Qxd4 Nc6 16. Qf4 Ne5 17. Bc4 Nxc4 18. bxc4 Bd3 19. Nge2 Bxe2 20. Nxe2 Re8 21.
Qd2 Qe7 22. Rc2 Qxc5 23. O-O Nb6 24. Rfc1 Rad8 25. Qf4 Rd3 26. h3 h5 27. Kh2 g5
28. Qf6 Re6 29. Qa1 Qxf2 30. Rf1 Rxh3+ 0-1

[Event "4NCL Division 2a"]
[Site "Northampton, ENG"]
[Date "2018.02.11"]
[Round "6.22"]
[White "Cornette, Deimante"]
[Black "Graham, David B"]
[Result "1-0"]
[WhiteElo "2440"]
[BlackElo "2165"]
[PlyCount "79"]
[EventDate "2018.02.11"]
[WhiteTeam "Celtic Tigers"]
[BlackTeam "Sussex Martlets 1"]

1. e4 c5 2. Nc3 Nc6 3. Bb5 Nd4 4. Nf3 a6 5. Bd3 g6 6. O-O Bg7 7. Nxd4 cxd4 8.
Ne2 d5 9. exd5 Qxd5 10. c4 Qd6 11. b3 Nf6 12. f4 O-O 13. a4 b6 14. Ba3 Qd7 15.
Ng3 Bb7 16. Qe2 Rfe8 17. Rae1 Rad8 18. h3 Qc7 19. Qf2 e6 20. Ne4 Bxe4 21. Bxe4
Nd7 22. Qf3 Nc5 23. Bc6 Nxb3 24. Bxe8 Nxd2 25. Qc6 Qxc6 26. Bxc6 Nxf1 27. Kxf1
Rc8 28. Bb7 Rxc4 29. Rc1 Rxc1+ 30. Bxc1 a5 31. Ke2 f6 32. Kd3 e5 33. fxe5 fxe5
34. Kc4 Kf7 35. Kb5 Bf8 36. Kxb6 Bb4 37. Be4 Ke6 38. Bg5 d3 39. Bxd3 Kd5 40.
Be3 1-0

[Event "4NCL Division 2a"]
[Site "Northampton, ENG"]
[Date "2018.02.11"]
[Round "6.23"]
[White "Willson, Ollie"]
[Black "Hoffmann, Hendrik"]
[Result "0-1"]
[WhiteElo "2117"]
[BlackElo "2224"]
[PlyCount "168"]
[EventDate "2018.02.11"]
[WhiteTeam "Sussex Martlets 1"]
[BlackTeam "Celtic Tigers"]

1. d4 d5 2. c4 dxc4 3. e3 e5 4. Bxc4 exd4 5. exd4 Nf6 6. Qb3 Qe7+ 7. Ne2 Qb4+
8. Nbc3 Qxb3 9. Bxb3 Bb4 10. O-O O-O 11. Nb5 Na6 12. Bf4 c6 13. Nd6 Bxd6 14.
Bxd6 Re8 15. Nc3 Be6 16. Bxe6 Rxe6 17. Be5 Rd8 18. Rfd1 Nd5 19. Rac1 f6 20. Bg3
Nab4 21. a3 Nxc3 22. bxc3 Nd5 23. c4 Ne7 24. f3 Rd7 25. Bf2 a6 26. Rd3 b5 27.
cxb5 axb5 28. Kf1 Nd5 29. Rd2 Ra7 30. Rd3 Kf7 31. g3 Ke8 32. Be1 Ra4 33. Kf2
Kd7 34. Rcd1 Re8 35. Rb3 Rc4 36. Rd2 Kd6 37. Rbd3 Nb6 38. Rd1 Kd5 39. Bb4 Re6
40. R3d2 Na4 41. h4 h5 42. Ba5 Re8 43. Bb4 Nb6 44. Bc5 Nd7 45. Bb4 Nb8 46. Rd3
Na6 47. Ba5 Ra4 48. Bd2 g6 49. Be3 Rc4 50. Bf4 Rc2+ 51. R1d2 Rxd2+ 52. Rxd2 Re6
53. Be3 Nc7 54. Rc2 Na6 55. Rc3 Kd6 56. g4 b4 57. Rb3 Kd5 58. gxh5 gxh5 59.
axb4 Kc4 60. Rb1 Nxb4 61. Rc1+ Kd3 62. Rd1+ Kc3 63. Rc1+ Kb2 64. Rd1 Nd5 65.
Bh6 Kc2 66. Rc1+ Kd3 67. Rd1+ Kc4 68. Rd2 Ne7 69. Bf8 Nf5 70. Bc5 Kd5 71. Rd1
Re8 72. Ra1 Rb8 73. Ra5 Rb2+ 74. Ke1 Rb5 75. Ra4 Nxh4 76. Kf2 Nf5 77. Ba7 Rb2+
78. Kg1 h4 79. Ra5+ Ke6 80. Ra1 h3 81. d5+ cxd5 82. Bf2 d4 83. Ra6+ Ke5 84.
Ra5+ Kf4 0-1

[Event "4NCL Division 2a"]
[Site "Northampton, ENG"]
[Date "2018.02.11"]
[Round "6.24"]
[White "Quinn, John M"]
[Black "Grant, David J"]
[Result "1/2-1/2"]
[WhiteElo "2161"]
[BlackElo "2192"]
[PlyCount "111"]
[EventDate "2018.02.11"]
[WhiteTeam "Celtic Tigers"]
[BlackTeam "Sussex Martlets 1"]

1. d4 Nf6 2. c4 e6 3. Nf3 c5 4. d5 exd5 5. cxd5 d6 6. Nc3 g6 7. e4 Bg7 8. Bd3
O-O 9. h3 a6 10. a4 Nbd7 11. Bf4 Qc7 12. O-O c4 13. Bc2 Re8 14. Re1 Rb8 15. a5
b5 16. axb6 Rxb6 17. Na4 Rb7 18. Rc1 Nh5 19. Be3 Ne5 20. Nxe5 Bxe5 21. Bd3 Qe7
22. Bxc4 Qh4 23. Qf3 f5 24. Bxa6 fxe4 25. Rxc8 exf3 26. Rxe8+ Kf7 27. Rxe5 dxe5
28. Bxb7 Qb4 29. Rc1 Qxb7 30. Nb6 Nf4 31. Bxf4 exf4 32. Rc6 fxg2 33. Kxg2 g5
34. Nc4 Kf8 35. Rf6+ Kg7 36. Rc6 Qf7 37. Re6 f3+ 38. Kg1 Qf5 39. Ne3 Qxh3 40.
Re7+ Kf8 41. Re4 h5 42. d6 Qd7 43. Rd4 Kf7 44. b4 Ke8 45. Rd5 g4 46. Re5+ Kd8
47. Rxh5 Qe6 48. Rg5 Kd7 49. Rxg4 Kxd6 50. Rf4 Qg6+ 51. Kh2 Ke5 52. Rxf3 Ke4
53. Rg3 Qh5+ 54. Kg2 Kd3 55. Rg4 Ke2 56. Kg3 1/2-1/2

[Event "4NCL Division 2a"]
[Site "Northampton, ENG"]
[Date "2018.02.11"]
[Round "6.26"]
[White "Maciol, Ryszard"]
[Black "Miller, Dominic"]
[Result "1-0"]
[WhiteElo "2147"]
[BlackElo "2132"]
[PlyCount "75"]
[EventDate "2018.02.11"]
[WhiteTeam "Celtic Tigers"]
[BlackTeam "Sussex Martlets 1"]

1. d4 Nf6 2. c4 g6 3. Nc3 d5 4. cxd5 Nxd5 5. e4 Nxc3 6. bxc3 Bg7 7. Bc4 c5 8.
Ne2 O-O 9. Be3 Nc6 10. Rc1 b6 11. h4 Bb7 12. h5 Na5 13. Bd3 e5 14. hxg6 fxg6
15. d5 c4 16. Bc2 Bc8 17. Qd2 Nb7 18. Ng1 Nd6 19. Nf3 Bg4 20. Nh2 Bd7 21. Bg5
Qe8 22. Qe3 Rf7 23. Bd1 h5 24. g4 Rf4 25. Bxf4 exf4 26. Qxf4 Nxe4 27. O-O Be5
28. Qe3 Qe7 29. Re1 Re8 30. Nf3 hxg4 31. Nxe5 Qxe5 32. Bc2 Bf5 33. Qd4 Qf4 34.
d6 g3 35. Bxe4 Rxe4 36. Rxe4 gxf2+ 37. Qxf2 Qxc1+ 38. Re1 1-0

[Event "4NCL Division 2a"]
[Site "Northampton, ENG"]
[Date "2018.02.11"]
[Round "6.27"]
[White "Blake, J Morgan"]
[Black "Skulte, Christopher"]
[Result "1-0"]
[WhiteElo "2102"]
[BlackElo "1956"]
[PlyCount "131"]
[EventDate "2018.02.11"]
[WhiteTeam "Sussex Martlets 1"]
[BlackTeam "Celtic Tigers"]

1. e4 c5 2. Nf3 e6 3. b3 d5 4. exd5 exd5 5. Bb5+ Nc6 6. O-O Be7 7. Ne5 Qc7 8.
Re1 Nf6 9. d4 Be6 10. Bf4 Qb6 11. Bxc6+ bxc6 12. dxc5 Bxc5 13. Nd3 O-O 14. Nxc5
Qxc5 15. Be3 Qd6 16. Qd4 Nd7 17. Bf4 Qc5 18. Qxc5 Nxc5 19. Bd6 Ne4 20. Bxf8
Kxf8 21. f3 Nd6 22. Nc3 Nf5 23. Rad1 Ke7 24. g4 Nh4 25. Kf2 g5 26. Ne2 c5 27.
Nc3 d4 28. Ne4 Bd5 29. Nxg5+ Kd6 30. Kg3 Ng6 31. Nxh7 f5 32. gxf5 Ne5 33. Ng5
Rg8 34. Kf4 Bxf3 35. Nf7+ Nxf7 36. Kxf3 Ne5+ 37. Kf2 Rg5 38. Rg1 Rxf5+ 39. Ke2
Kd5 40. Rdf1 Rh5 41. Rg2 c4 42. Rf4 Rh3 43. Kd1 a5 44. Rf8 d3 45. Rg5 dxc2+ 46.
Kc1 Rxh2 47. Rd8+ Ke4 48. Re8 Rh1+ 49. Kxc2 Rh2+ 50. Kb1 Rh1+ 51. Kb2 Kd3 52.
Rgxe5 c3+ 53. Ka3 Rh2 54. Rxa5 Kc2 55. Rae5 Rh7 56. Re2+ Kb1 57. Re1+ Kc2 58.
R8e2+ Kd3 59. Re7 Rh8 60. Rd7+ Kc2 61. Re2+ Kc1 62. b4 Rh3 63. Ka4 Rf3 64. Rh7
c2 65. Rhh2 Rc3 66. Rxc2+ 1-0

[Event "4NCL Division 2a"]
[Site "Northampton, ENG"]
[Date "2018.02.11"]
[Round "6.28"]
[White "Way, Julian M"]
[Black "Graham, Cassie M"]
[Result "0-1"]
[WhiteElo "2030"]
[BlackElo "1997"]
[PlyCount "92"]
[EventDate "2018.02.11"]
[WhiteTeam "Celtic Tigers"]
[BlackTeam "Sussex Martlets 1"]

1. e4 c5 2. Nc3 Nc6 3. g3 d6 4. Bg2 g6 5. Nge2 Bg7 6. O-O Nf6 7. d3 O-O 8. h3
Bd7 9. Bg5 Rc8 10. Qd2 Nd4 11. Kh2 Bc6 12. Rab1 Re8 13. Be3 Nd7 14. f4 b5 15.
Nd1 a5 16. Nc1 b4 17. c3 Nb5 18. Ne2 Nb6 19. Bg1 Ba8 20. Ne3 e6 21. g4 d5 22.
e5 d4 23. cxd4 Bxg2 24. Nxg2 cxd4 25. Ne1 Bf8 26. Nf3 Bc5 27. Ng3 Nd5 28. Ne4
Bb6 29. g5 Re7 30. Kh1 Rec7 31. Nh2 h5 32. gxh6 Qh4 33. Ng5 Qxh6 34. Ng4 Qh8
35. Rbc1 Kg7 36. Rxc7 Rxc7 37. Qg2 Ne7 38. Nf6 Nf5 39. Nge4 Rc8 40. Re1 Qh6 41.
Bh2 Qh4 42. Rg1 Rh8 43. Ng5 Nc7 44. Qb7 Qf2 45. Qxb6 Rxh3 46. Nxh3 Qf3+ 0-1

[Event "4NCL Division 2a"]
[Site "Northampton, ENG"]
[Date "2018.02.11"]
[Round "6.31"]
[White "Townsend, M Paul"]
[Black "Mcgowan, Daniel"]
[Result "0-1"]
[WhiteElo "2297"]
[BlackElo "2162"]
[PlyCount "64"]
[EventDate "2018.02.11"]
[WhiteTeam "White Rose 2"]
[BlackTeam "Grantham Sharks 2"]

1. Nf3 d5 2. g3 Nf6 3. Bg2 e6 4. O-O Be7 5. c4 O-O 6. d4 dxc4 7. Qc2 a6 8. a4
Nbd7 9. Nbd2 Nb6 10. a5 Nbd5 11. Nxc4 Bd7 12. Nfe5 Be8 13. Rd1 Rb8 14. Qb3 Nb4
15. e4 b5 16. axb6 cxb6 17. Be3 a5 18. Qc3 Nd7 19. Nxd7 Bxd7 20. Qd2 Bb5 21.
Bf1 Qc8 22. Ne5 Bxf1 23. Rxf1 Qb7 24. f3 Rfd8 25. Qf2 Rbc8 26. Rac1 Rxc1 27.
Bxc1 f6 28. Nc4 Qa6 29. b3 Rxd4 30. Be3 Rd3 31. Bxb6 Rxb3 32. Nd2 Nd3 0-1

[Event "4NCL Division 2a"]
[Site "Northampton, ENG"]
[Date "2018.02.11"]
[Round "6.32"]
[White "Cumbers, Paul"]
[Black "Chow, Samuel"]
[Result "0-1"]
[WhiteElo "2170"]
[BlackElo "2313"]
[PlyCount "110"]
[EventDate "2018.02.11"]
[WhiteTeam "Grantham Sharks 2"]
[BlackTeam "White Rose 2"]

1. e4 e6 2. Nf3 d5 3. e5 c5 4. b4 b6 5. c3 Qc7 6. a3 a5 7. b5 c4 8. d4 a4 9.
Nbd2 Bd7 10. Rb1 Ra5 11. g3 Rxb5 12. Rxb5 Bxb5 13. h4 Nc6 14. Bh3 Na5 15. Nf1
Nb3 16. Bb2 Ne7 17. Ne3 Bd7 18. h5 Nc6 19. Nh2 Na7 20. O-O Nb5 21. Nc2 Be7 22.
f4 O-O 23. Ng4 f5 24. Nge3 g5 25. hxg6 hxg6 26. Kf2 Kg7 27. Rh1 Rh8 28. Ke2 Qd8
29. g4 Qf8 30. gxf5 gxf5 31. Qg1+ Kf7 32. Bxf5 exf5 33. Nxd5 Bd8 34. Nde3 Qg7
35. Qxg7+ Kxg7 36. Rxh8 Kxh8 37. d5 Nc7 38. Nb4 Nc5 39. e6 Be8 40. Nxf5 Bf6 41.
Ne3 Bh5+ 42. Kf1 b5 43. f5 Ne4 44. Nc6 Ne8 45. d6 N8xd6 46. Nd5 Bg5 47. Nc7
Ng3+ 48. Kg2 Ngxf5 49. Na7 Ne3+ 50. Kh3 Bg4+ 51. Kh2 Bf4+ 52. Kg1 Nd1 53. Naxb5
Nxb5 54. Nxb5 Nxb2 55. e7 Bd7 0-1

[Event "4NCL Division 2a"]
[Site "Northampton, ENG"]
[Date "2018.02.11"]
[Round "6.33"]
[White "Gayson, Peter M"]
[Black "Birtwistle, Nigel"]
[Result "1-0"]
[WhiteElo "2151"]
[BlackElo "2147"]
[PlyCount "95"]
[EventDate "2018.02.11"]
[WhiteTeam "White Rose 2"]
[BlackTeam "Grantham Sharks 2"]

1. e4 c5 2. Nf3 g6 3. d4 cxd4 4. Nxd4 Bg7 5. Nc3 Nc6 6. Be3 Nf6 7. Bc4 O-O 8.
Bb3 a6 9. O-O Qc7 10. f3 d6 11. Qd2 Na5 12. Rfd1 b5 13. Nd5 Nxd5 14. Bxd5 Bb7
15. b3 Rfc8 16. Rac1 Qc3 17. Qf2 e6 18. Nxe6 Be5 19. Bd2 Qb2 20. Bxa5 Bxd5 21.
Nc7 Rxc7 22. Bxc7 Rc8 23. Bb6 Be6 24. Bd4 Qxa2 25. f4 Bxd4 26. Qxd4 Rxc2 27.
Rxc2 Qxc2 28. b4 Bg4 29. Rd2 Qc1+ 30. Kf2 Be6 31. Qxd6 Bc4 32. Qd8+ Kg7 33.
Qd4+ Kh6 34. f5 Qf1+ 35. Kg3 Qe1+ 36. Qf2 Qb1 37. Qe3+ Kg7 38. f6+ Kxf6 39.
Qd4+ Kg5 40. Qe3+ Kf6 41. h4 Kg7 42. h5 h6 43. Qd4+ Kh7 44. hxg6+ Kxg6 45. Rf2
Qxb4 46. Rf6+ Kg7 47. Rf4+ Kh7 48. Rxf7+ 1-0

[Event "4NCL Division 2a"]
[Site "Northampton, ENG"]
[Date "2018.02.11"]
[Round "6.34"]
[White "Milson, Samuel A"]
[Black "Burnett, Jim"]
[Result "0-1"]
[WhiteElo "2105"]
[BlackElo "2086"]
[PlyCount "240"]
[EventDate "2018.02.11"]
[WhiteTeam "Grantham Sharks 2"]
[BlackTeam "White Rose 2"]

1. e4 e6 2. d4 d5 3. Nd2 Nf6 4. e5 Nfd7 5. Bd3 c5 6. c3 Nc6 7. Ne2 cxd4 8. cxd4
f6 9. exf6 Nxf6 10. Nf3 Bd6 11. O-O Qc7 12. Bd2 O-O 13. Rc1 Bd7 14. b4 a6 15.
a4 Qb6 16. b5 axb5 17. axb5 Nb4 18. Bxb4 Bxb4 19. Qb3 Bd6 20. Ra1 Rxa1 21. Rxa1
Nh5 22. Qc2 h6 23. Nh4 Nf6 24. Ng6 Rc8 25. Qd2 Ne4 26. Qe3 Nc3 27. Nxc3 Rxc3
28. Ra8+ Rc8 29. Rxc8+ Bxc8 30. g4 Qd8 31. h4 Bd7 32. g5 hxg5 33. hxg5 Bc7 34.
f4 Qe8 35. Qh3 Bxb5 36. Bb1 Bd6 37. Ne5 Bxe5 38. fxe5 Kf7 39. Qa3 Qd8 40. Qf3+
Ke8 41. Qf4 Qe7 42. Bg6+ Kd8 43. Qd2 Kc8 44. Kg2 Qf8 45. Bd3 Bxd3 46. Qxd3 Qf5
47. Qd2 Kd7 48. Kg3 Ke8 49. Kh4 Kf7 50. Qb4 Kg6 51. Kg3 Qxg5+ 52. Kf3 Qf5+ 53.
Ke3 Qe4+ 54. Kf2 b5 55. Kg3 Qd3+ 56. Kg2 Kh7 57. Qe7 Qxd4 58. Qxe6 Qe4+ 59. Kf2
d4 60. Qh3+ Kg6 61. Qe6+ Kg5 62. Qe7+ Kh6 63. Qe6+ g6 64. Qe8 d3 65. Kg3 Qe3+
66. Kg4 Qe2+ 67. Kg3 Kg5 68. Qe7+ Kf5 69. Qf6+ Ke4 70. e6 Kd5 71. e7 d2 72.
Qf7+ Kc5 73. e8=Q Qxe8 74. Qxe8 d1=Q 75. Qc8+ Kb4 76. Qf8+ Ka4 77. Qa8+ Kb3 78.
Qg8+ Kb2 79. Qg7+ Ka2 80. Qa7+ Kb1 81. Qb6 Qd3+ 82. Kf4 Kb2 83. Kg5 Kb3 84.
Qe6+ Kc3 85. Qc6+ Kb2 86. Qf6+ Qc3 87. Qf2+ Kb1 88. Qb6 b4 89. Qxg6+ Kb2 90.
Qf7 b3 91. Qf2+ Qc2 92. Qd4+ Kb1 93. Kg4 Qe2+ 94. Kg3 b2 95. Qg1+ Kc2 96. Qc5+
Kd1 97. Qd4+ Qd2 98. Qa4+ Ke2 99. Qg4+ Kd3 100. Qf5+ Kc4 101. Qe6+ Qd5 102.
Qa6+ Kc3 103. Qf6+ Qd4 104. Qc6+ Qc4 105. Qf6+ Kb3 106. Qb6+ Qb4 107. Qe6+ Ka3
108. Qa6+ Qa4 109. Qd6+ Ka2 110. Qd2 Ka1 111. Qc1+ Ka2 112. Qd2 Qb3+ 113. Kf2
Qb5 114. Qc2 Qb6+ 115. Ke2 Qd4 116. Kf3 Ka1 117. Qb3 Qf6+ 118. Kg3 Qd6+ 119.
Kh3 b1=Q 120. Qc3+ Ka2 0-1

[Event "4NCL Division 2a"]
[Site "Northampton, ENG"]
[Date "2018.02.11"]
[Round "6.35"]
[White "Shaw, Peter"]
[Black "Varnam, Liam D"]
[Result "1/2-1/2"]
[WhiteElo "2119"]
[BlackElo "2078"]
[PlyCount "106"]
[EventDate "2018.02.11"]
[WhiteTeam "White Rose 2"]
[BlackTeam "Grantham Sharks 2"]

1. d4 d5 2. Bf4 Nf6 3. e3 c5 4. c3 Nc6 5. Nd2 e6 6. Ngf3 Bd6 7. Bg3 O-O 8. Bd3
cxd4 9. exd4 Qc7 10. O-O e5 11. dxe5 Nxe5 12. Nxe5 Bxe5 13. Qa4 Ng4 14. Nf3
Bxg3 15. hxg3 Qb6 16. Rab1 f5 17. Qd4 Qxd4 18. Nxd4 Ne5 19. Rbd1 Bd7 20. Rfe1
Rae8 21. f3 g6 22. Kf2 f4 23. g4 Rf7 24. Re2 Rfe7 25. Bc2 Nc4 26. Rxe7 Rxe7 27.
Bb3 Nb6 28. Ne2 g5 29. Bxd5+ Kg7 30. Bb3 Ba4 31. Nd4 Bxb3 32. Nf5+ Kf6 33. axb3
Rd7 34. Rxd7 Nxd7 35. Ke2 h5 36. Nd6 hxg4 37. Nxb7 g3 38. b4 Ne5 39. Nd6 g4 40.
fxg4 Kg5 41. Ne4+ Kxg4 42. Nd2 f3+ 43. Kf1 fxg2+ 44. Kxg2 Nd3 45. Ne4 Ne1+ 46.
Kg1 g2 47. Nd2 Kh3 48. b5 Nd3 49. c4 Nf4 50. Kf2 Kh2 51. Nf1+ Kh1 52. Ng3+ Kh2
53. Nf1+ Kh1 1/2-1/2

[Event "4NCL Division 2a"]
[Site "Northampton, ENG"]
[Date "2018.02.11"]
[Round "6.37"]
[White "Li, Harry"]
[Black "Burrows, Martin P"]
[Result "1/2-1/2"]
[WhiteElo "2035"]
[BlackElo "2088"]
[PlyCount "81"]
[EventDate "2018.02.11"]
[WhiteTeam "White Rose 2"]
[BlackTeam "Grantham Sharks 2"]

1. d4 Nf6 2. c4 e6 3. Nf3 b6 4. g3 Ba6 5. Qc2 c5 6. d5 exd5 7. cxd5 Bb7 8. Bg2
Nxd5 9. O-O Be7 10. Rd1 Nc6 11. Qa4 Nf6 12. Nh4 O-O 13. Nf5 d5 14. Nc3 Nd4 15.
Nxd4 cxd4 16. Rxd4 Bc5 17. Rd3 Re8 18. e3 Qd6 19. Qd1 Rad8 20. a3 Qe6 21. b4
Be7 22. Bb2 Ne4 23. Ne2 Qf5 24. Nf4 Bf6 25. Bd4 Ba6 26. Bxf6 Qxf6 27. Rd4 Rc8
28. Qf3 Rc2 29. Nh3 Rec8 30. Qxf6 Nxf6 31. Nf4 Ng4 32. Nxd5 Rc1+ 33. Rd1 Rxa1
34. Rxa1 Rc2 35. Be4 Rd2 36. Nc7 Bc4 37. Rc1 Bb3 38. Nb5 g6 39. Nd4 Bd1 40. Bc2
Nxf2 41. Bxd1 1/2-1/2

[Event "4NCL Division 2a"]
[Site "Northampton, ENG"]
[Date "2018.02.11"]
[Round "6.38"]
[White "Munshi, Aditya"]
[Black "Camp, Imogen A L"]
[Result "1-0"]
[WhiteElo "1973"]
[BlackElo "1990"]
[PlyCount "61"]
[EventDate "2018.02.11"]
[WhiteTeam "Grantham Sharks 2"]
[BlackTeam "White Rose 2"]

1. e4 e5 2. Bc4 Nc6 3. Nc3 Bc5 4. Qg4 Bf8 5. Qg3 d6 6. Nge2 Nf6 7. d3 Na5 8.
O-O Nxc4 9. dxc4 Be6 10. b3 Qd7 11. a4 O-O-O 12. Qe3 a6 13. Ba3 Kb8 14. Nd5
Nxd5 15. cxd5 Bg4 16. f3 Bh5 17. c4 Bg6 18. Nc3 f5 19. b4 f4 20. Qe2 Bf7 21. c5
Qc8 22. c6 b6 23. a5 b5 24. Nxb5 axb5 25. Qxb5+ Ka7 26. Qc4 g5 27. b5 Re8 28.
b6+ cxb6 29. axb6+ Kxb6 30. Qb4+ Kc7 31. Qa5+ 1-0